000 01156cam a22003493a 4500
001 0000730
003 DO-SdBNP
005 20220608101806.0
007 0000730
008 861112 1993 sp 000 0 spa d
010 _a
020 _a8477510474
040 _aBPMSU
_cspa
_dBPMSU
_d
082 _aR463.2
_2D545s.19
245 0 0 _aDiccionario de sinónimos y antónimos :
_by sinónimos en inglés /
_cMaría de las Viñas García Criado..[et al]
260 _aBarcelona, España :
_bPlaneta internacional,
_c[1993].
300 _a373 p. :
_c26 cm.
490 0 _aConsultor didáctico
505 2 _tDiccionario español de sinónimos --
_tDiccionario español de antónimos --
_tDiccionario ingles de sinónimos --
_tGramática española --
590 _6Inventariado, 2022/VM
600 0 0 _a
_x
650 4 _aEspañol
_xInglés.
_vDiccionarios
650 4 _aInglés
_xEspañol.
_vDiccionarios
700 1 _aGarcía Criado, María de las Viñas
700 1 _aPreminguer Roig, Nuria
700 1 _aPrendergast, W. David
700 1 _aFabregat Pla, Joan
700 1 _aHuguet Boren, José
710 2 _aPlaneta
910 _aVMateo V
942 _2ddc
_cBK
999 _c11604
_d11604